000 00460nam a2200133Ia 4500
008 171212s9999 xx 000 0 und d
020 _a9780874212020
100 _aHill, William
245 _cHill, William
_aMormon Trail, The
_bYesterday and Today
260 _bUniversity Press of Colorado
_c1996
650 _aHistory
650 _aMormon Trail; Mormons -- West (U.S.) -- History; West (U.S.) -- History
856 _uwww.jstor.org/stable/10.2307/j.ctt46nzbt
999 _c353114
_d353114